[Event "Amber Rapid"]
[Site "Monte Carlo MNC"]
[Date "2004.03.20"]
[Round "1"]
[White "Bareev,E"]
[Black "Vallejo Pons,F"]
[Result "1-0"]
[WhiteElo "2714"]
[BlackElo "2663"]

1.d4 Nf6 2.c4 e6 3.Nc3 Bb4 4.Qc2 d5 5.cxd5 exd5 6.Bg5 h6 7.Bh4 g5 8.Bg3 Ne4
9.e3 h5 10.Bd3 h4 11.Be5 f6 12.Bxe4 dxe4 13.d5 Qe7 14.a3 Ba5 15.Qa4+ Nd7
16.Qxa5 Nxe5 17.Qa4+ Kf7 18.Qxe4 h3 19.g3 Bg4 20.f4 gxf4 21.gxf4 Nf3+ 22.Kf2 Qxe4
23.Nxe4 Nh4 24.Rc1 Rac8 25.Rc4 Rhg8 26.Ng3 c6 27.dxc6 Be6 28.Rc3 Bd5 29.e4 Bxc6
30.Nxh3 Rcd8 31.Re1 Rh8 32.f5 Rd2+ 33.Re2 Rxe2+ 34.Kxe2 Ng2 35.Kf2 Rxh3 36.Kxg2 Rh4
37.Rc4 Ke7 38.Rd4 a5 39.h3 Rf4 40.Rd3 Rh4 41.Kh2 Rf4 42.Kg1 Rh4 43.Kg2 Rf4
44.Kg1 Rh4 45.Nf1 Rxe4 46.Re3 Kd6 47.Rxe4 Bxe4 48.Ng3 Ke5 49.Nxe4 Kxe4 50.Kf2 Kf4
51.b4 a4 52.b5 b6 53.Kg2 Kxf5 54.Kf3 Kg5 55.Kg3 f5 56.Kf3 Kh4 57.Kf4 Kxh3
58.Kxf5 Kg3 59.Ke4 Kf2 60.Kd5 Ke3  1-0

[Event "Amber Rapid"]
[Site "Monte Carlo MNC"]
[Date "2004.03.21"]
[Round "2"]
[White "Van Wely,L"]
[Black "Vallejo Pons,F"]
[Result "1-0"]
[WhiteElo "2617"]
[BlackElo "2663"]

1.d4 d5 2.c4 c6 3.Nc3 Nf6 4.Nf3 e6 5.Bg5 h6 6.Bh4 dxc4 7.e4 g5 8.Bg3 b5 9.Be2 Bb7
10.h4 g4 11.Ne5 Rg8 12.Nxg4 Nbd7 13.O-O Nxg4 14.Bxg4 Qb6 15.Bh5 Nf6 16.Be5 Nd7
17.Bf4 Nf6 18.a4 b4 19.a5 Qd8 20.a6 Bc8 21.Na4 Bxa6 22.Nc5 Bxc5 23.dxc5 Qxd1
24.Bxd1 Bb5 25.Re1 Nd7 26.Bd6 a5 27.f4 a4 28.g4 a3 29.bxa3 b3 30.Re3 f6 31.e5 Kf7
32.exf6 Nxf6 33.g5 Ra7 34.Kf2 Nd5 35.Bh5+ Rg6 36.Rg3 b2 37.Rag1 Kg7 38.gxh6+ Kxh6
39.Bxg6 Rg7 40.Be5 c3 41.Rg5 Rxg6 42.Rxg6+ Kh7 43.Rg7+ Kh6 44.R7g6+ Kh7 45.Rg8  1-0

[Event "Amber Blindfold"]
[Site "Monte Carlo MNC"]
[Date "2004.03.25"]
[Round "5"]
[White "Topalov,V"]
[Black "Vallejo Pons,F"]
[Result "1/2-1/2"]
[WhiteElo "2735"]
[BlackElo "2663"]

1.c4 e5 2.g3 Nf6 3.Bg2 d5 4.cxd5 Nxd5 5.Nf3 Nc6 6.O-O Nb6 7.d3 Be7 8.a3 O-O
9.Nbd2 a5 10.b3 Be6 11.Qc2 f6 12.Ne4 Qd7 13.Be3 Nd5 14.Bc5 b6 15.Bxe7 Ndxe7
16.Rac1 Rac8 17.Ned2 Bd5 18.e3 Rfd8 19.Rfd1 Kh8 20.Qb2 Be6 21.Bf1 Bg4 22.Re1 Qf5
23.Nh4 Qd7 24.b4 axb4 25.axb4 Nd5 26.b5 Na5 27.Nhf3 Qe7 28.Rb1 c5 29.bxc6 Nxc6
30.Rec1 Ndb4 31.Ne1 Bf5 32.Rc3 Nd5 33.Rb3 Na5 34.Ra3 Be6 35.e4 Nc7 36.Rc3 Rb8
37.Rcc1 Bg8 38.Nef3 Ne6 39.Qb4 Nc5 40.Qb5 Bf7 41.Rc3 Be8 42.Qb4 Nc6 43.Qa3 Ra8
44.Qc1 Rab8 45.h3 Qd6 46.Nc4 Qc7 47.Nxb6 Nxe4 48.dxe4  1/2-1/2

[Event "Amber Rapid"]
[Site "Monte Carlo MNC"]
[Date "2004.03.25"]
[Round "5"]
[White "Vallejo Pons,F"]
[Black "Topalov,V"]
[Result "1/2-1/2"]
[WhiteElo "2663"]
[BlackElo "2735"]

1.d4 Nf6 2.Nf3 e6 3.c4 c5 4.d5 d6 5.Nc3 exd5 6.cxd5 g6 7.h3 a6 8.a4 Qe7 9.Bf4 Nh5
10.Bh2 f5 11.e3 f4 12.Bd3 Bh6 13.O-O O-O 14.exf4 Nxf4 15.Re1 Qd8 16.Bc4 b6
17.Bg3 Ra7 18.Ne4 Rg7 19.Ra3 g5 20.Nh2 Rg6 21.Rae3 Bg7 22.Nc3 Nd7 23.Ng4 Nf6
24.Re6 Nxg4 25.hxg4 Kh8 26.Bxf4 gxf4 27.Rxg6 hxg6 28.Qf3 Qh4 29.Qh3 Qxh3
30.gxh3 Be5 31.f3 Kg7 32.Ne4 Bd7 33.Ng5 b5 34.axb5 axb5 35.Bf1 Ra8 36.b3 Ra3
37.Rb1 Bd4+ 38.Kh1 Kf6 39.Ne6 Bf2 40.Nxf4 g5 41.Ne6 Be8 42.Nc7 Bg6 43.Nxb5 Ra2
44.Rd1 Bg3 45.Bd3 Be5 46.Bxg6 Kxg6 47.Rd3 Ra5 48.Nc7 Ra7 49.Nb5 Ra5 50.Nc7 Ra3
51.Nb5  1/2-1/2

[Event "Amber Rapid"]
[Site "Monte Carlo MNC"]
[Date "2004.04.01"]
[Round "11"]
[White "Ivanchuk,V"]
[Black "Vallejo Pons,F"]
[Result "1-0"]
[WhiteElo "2716"]
[BlackElo "2663"]

1.e4 e6 2.d4 d5 3.Nc3 Nf6 4.e5 Nfd7 5.f4 c5 6.Nf3 Nc6 7.Be3 Qb6 8.Na4 Qa5+
9.c3 c4 10.b4 Qc7 11.a3 Be7 12.Be2 f5 13.exf6 Nxf6 14.O-O O-O 15.Qc2 b6 16.Nb2 Bd7
17.Ng5 h6 18.Nh3 Bd6 19.Rae1 Ne7 20.Nd1 Be8 21.Ndf2 Bg6 22.Qc1 a5 23.Bd1 axb4
24.axb4 Ra2 25.Re2 Rfa8 26.Rxa2 Rxa2 27.Ng4 Ne4 28.Ne5 Bf5 29.g4 Bh7 30.Bc2 Qa7
31.Bb1 Ra1 32.Qb2 Qa3 33.Bc1 Qxb2 34.Bxb2 Ra7 35.Bxe4 Bxe4 36.Ra1 Rxa1+ 37.Bxa1 Bxe5
38.fxe5 Bf3 39.g5 Bg4 40.Nf2 Bf5 41.gxh6 gxh6 42.Bb2 Kg7 43.Bc1 b5 44.Kg2 Ng6
45.Kg3 h5 46.Bg5 Kh7 47.Nd1 Kg7 48.Ne3 Be4 49.Kf2 Kf7 50.Nf1 Bf5 51.Ng3 Bg4
52.Kg2 Bd1 53.h3 Kg7 54.Kf2 Kf7 55.Ke3 Kg7 56.Bd8 Kf7 57.Bf6 Ke8 58.Nf1 Bc2
59.Kf3 Be4+ 60.Kg3 Bc2 61.Nd2 Bd1 62.Kf2 Nf4 63.Ke3 Ng6 64.Bg5 Kf7 65.Kf2 Ke8
66.Nf1 Bc2 67.Ng3 Bd1 68.Ke3 Kf7 69.Nh1 Bc2 70.Nf2 Bf5 71.Kf3 Ke8 72.Kg3 Bc2
73.Kh2 Kf7 74.Nh1 Bd1 75.Ng3 Ke8 76.Kg1 Kf8 77.Kf2 Kf7 78.Nf1 Bc2 79.Nd2 Bd1
80.Bh6 Ke7 81.Ke1 Bc2 82.Nf3 Bf5 83.Ng1 Be4 84.Ne2 Bf3 85.Ng3 Kf7 86.Kf2 Bd1
87.Nf1 Bc2 88.Ke1 Be4 89.Nd2 Bc2 90.Nf3 Bf5 91.Kf2 Ke8 92.Kg3 Be4 93.Ng5 Bf5
94.Nh7 Kf7 95.Nf6 h4+ 96.Kh2 Bc2  1-0

[Event "Rapid KO"]
[Site "Leon ESP"]
[Date "2004.06.04"]
[Round "2"]
[White "Svidler,P"]
[Black "Vallejo Pons,F"]
[Result "1-0"]
[WhiteElo "2733"]
[BlackElo "2666"]

1.e4 e5 2.Nf3 Nc6 3.Bb5 Nf6 4.d3 Bc5 5.Nc3 d6 6.Na4 Bb6 7.c3 O-O 8.h3 Ne7
9.Nxb6 axb6 10.Ba4 Ng6 11.Bc2 h6 12.O-O d5 13.d4 Nxe4 14.dxe5 Be6 15.Re1 Nh4
16.Nd4 Bd7 17.f3 Ng3 18.Qd3 Nhf5 19.Bf4 c5 20.Bxg3 cxd4 21.cxd4 Rc8 22.Bf2 g6
23.Qd2 Qg5 24.Qxg5 hxg5 25.Bb3 Be6 26.g4 Ne7 27.Rac1 Nc6 28.Bc2 f6 29.exf6 Rxf6
30.Bd1 Rcf8 31.Be3 Rxf3 32.Bxf3 Rxf3 33.Kg2 Rf7 34.Bxg5  1-0

[Event "Rapid KO"]
[Site "Leon ESP"]
[Date "2004.06.04"]
[Round "4"]
[White "Svidler,P"]
[Black "Vallejo Pons,F"]
[Result "1/2-1/2"]
[WhiteElo "2733"]
[BlackElo "2666"]

1.e4 e5 2.Nf3 Nc6 3.Bb5 Nf6 4.Nc3 Bc5 5.O-O O-O 6.d3 d6 7.Na4 Bb6 8.h3 Ne7
9.Nxb6 axb6 10.Re1 Bd7 11.Bc4 Be6 12.Bxe6 fxe6 13.c3 Ng6 14.d4 Nd7 15.Be3 Qe7
16.a4 h6 17.Rc1 Rf7 18.dxe5 Ndxe5 19.Nxe5 Nxe5 20.b3 Qh4 21.Bd4 Raf8 22.Rc2 Nf3+
23.gxf3 Rxf3 24.Kf1 Rxh3 25.Ke2 Qxe4+ 26.Be3 Rxf2+ 27.Kxf2 Rh2+ 28.Kf1 Rxc2
29.Re2 Rxc3 30.Kf2 Qh4+ 31.Kg2 Qg4+ 32.Kf2 Qf5+ 33.Ke1 Rd3 34.Qc1 c5 35.Qc4 Qd5
36.Qg4 Rd1+ 37.Kf2 Qf5+ 38.Qxf5 exf5 39.b4 g5 40.bxc5 bxc5 41.Rb2 f4 42.Bd2 Kf7
43.a5 Ke6 44.Ke2 Ra1 45.Rxb7 Ra2 46.Rh7 c4 47.Rxh6+ Ke5 48.Kd1 d5 49.Rg6 Kf5
50.Rd6 Ke5 51.Rg6 Kf5 52.Rd6 Ke4 53.Bb4 d4 54.Bc5 d3 55.Rd4+ Kf3 56.Rxc4 Rxa5
57.Kd2 g4 58.Bd6 Rf5 59.Rc8 g3 60.Rg8 g2 61.Bc7 Rd5 62.Bxf4 Kxf4 63.Rxg2  1/2-1/2

[Event "ARM-ROW Match"]
[Site "Moscow RUS"]
[Date "2004.06.10"]
[Round "1"]
[White "Akopian,Vl"]
[Black "Vallejo Pons,F"]
[Result "1/2-1/2"]
[WhiteElo "2689"]
[BlackElo "2666"]

1.e4 e5 2.Nf3 Nc6 3.Bb5 Nf6 4.d3 d6 5.c3 Bd7 6.O-O g6 7.Re1 a6 8.Ba4 Bg7
9.Nbd2 O-O 10.Nf1 h6 11.h3 b5 12.Bb3 Na5 13.Bc2 c5 14.d4 Re8 15.b3 Nc6 16.d5 Ne7
17.b4 Nc8 18.bxc5 dxc5 19.Be3 Qc7 20.Qc1 Kh7 21.a4 Nd6 22.axb5 Bxb5 23.N1d2 c4
24.Qa3 Nd7 25.Qa5 Qc8 26.Qb4 Qc7 27.Nb1 Reb8 28.Qa5 Qc8 29.Qa3 Qc7 30.Qa5 Qc8
31.Qa3 Qc7 32.Qa5  1/2-1/2

[Event "ARM-ROW Match"]
[Site "Moscow RUS"]
[Date "2004.06.15"]
[Round "6"]
[White "Vallejo Pons,F"]
[Black "Leko,P"]
[Result "1/2-1/2"]
[WhiteElo "2666"]
[BlackElo "2741"]

1.d4 Nf6 2.c4 e6 3.Nf3 b6 4.g3 Ba6 5.Qa4 Bb7 6.Bg2 c5 7.dxc5 Bxc5 8.O-O Be7
9.Nc3 O-O 10.Rd1 Na6 11.Bf4 Nc5 12.Qc2 Qc8 13.Rd4 d5 14.cxd5 Nxd5 15.Nxd5 Bxd5
16.Rc1 Qb7 17.b4 Ne4 18.Qc7 Qxc7  1/2-1/2

[Event "36th Olympiad"]
[Site "Calvia ESP"]
[Date "2004.10.17"]
[Round "2"]
[White "Vallejo Pons,F"]
[Black "Felgaer,R"]
[Result "1-0"]
[WhiteElo "2678"]
[BlackElo "2569"]

1.d4 d5 2.c4 c6 3.Nc3 dxc4 4.e3 b5 5.a4 b4 6.Ne4 Nf6 7.Nxf6+ exf6 8.Bxc4 Bd6
9.Qc2 O-O 10.Nf3 Qc7 11.Bd3 h6 12.e4 c5 13.Be3 cxd4 14.Qxc7 Bxc7 15.Nxd4 Rd8
16.O-O-O Bb6 17.Nc2 Bxe3+ 18.Nxe3 Bb7 19.Bc4 Rc8 20.f3 Ba6 21.b3 Bxc4 22.Nxc4 Nc6
23.Nd6 Rc7 24.Nb5 Re7 25.Kb2 f5 26.Rd6 Na5 27.Ra6 fxe4 28.fxe4 Rxe4 29.Rc1 Nb7
30.Rc2 Re3 31.Nc7 Rc8 32.Rxa7 Nd6 33.Nb5 Rxc2+ 34.Kxc2 Ne4 35.a5 Nc5 36.a6 Re2+
37.Kd1 Re8 38.Nc7 Rd8+ 39.Kc2 Kh7 40.Nb5 f5 41.g3 Rb8 42.Nd4 Rc8 43.Kd2 Kg6
44.h4 Rd8 45.Ke3 Re8+ 46.Kf3 Kf6 47.Kf2 Nd3+ 48.Kg2 Nc5 49.Rc7 Nxa6 50.Rc6+ Ke5
51.Nf3+ Kd5 52.Rxa6 Re2+ 53.Kf1 Re3 54.Kf2 Rxb3 55.Ra5+ Kd6 56.Rxf5 Rb2+
57.Ke3 Rg2 58.Rb5 Rxg3 59.Kf4 Rg2 60.h5 Ke7 61.Rxb4 g6 62.Rb7+ Kf8 63.Nh4 g5+
64.Kf3 Rg1 65.Nf5 Rf1+ 66.Ke4 Re1+ 67.Kd5 g4 68.Rb4 Kf7 69.Rxg4 Kf6 70.Ng3 Re5+
71.Kd4 Rg5 72.Ne4+ Kf5 73.Rxg5+ hxg5 74.Ng3+ Kf6 75.Ke4  1-0

[Event "36th Olympiad"]
[Site "Calvia ESP"]
[Date "2004.10.20"]
[Round "6"]
[White "Dorfman,J"]
[Black "Vallejo Pons,F"]
[Result "1/2-1/2"]
[WhiteElo "2596"]
[BlackElo "2678"]

1.d4 Nf6 2.c4 g6 3.Nc3 d5 4.cxd5 Nxd5 5.Bd2 Bg7 6.e4 Nb6 7.Be3 O-O 8.Bb5 Be6
9.Nf3 Bg4 10.Be2 Nc6 11.d5 Bxf3 12.Bxf3 Ne5 13.Be2 c6 14.O-O Nec4 15.Bxb6 Nxb6
16.dxc6 bxc6  1/2-1/2

[Event "36th Olympiad"]
[Site "Calvia ESP"]
[Date "2004.10.25"]
[Round "10"]
[White "Vallejo Pons,F"]
[Black "Papaioannou,I"]
[Result "1/2-1/2"]
[WhiteElo "2678"]
[BlackElo "2577"]

1.Nf3 Nf6 2.c4 e6 3.Nc3 Bb4 4.Qc2 O-O 5.a3 Bxc3 6.Qxc3 b6 7.e3 Bb7 8.Be2 Ne4
9.Qc2 f5 10.b3 d6 11.Bb2 Nd7 12.d3 Ng5 13.O-O-O f4 14.Rhg1 e5 15.d4 exd4
16.exd4 Be4 17.Bd3 d5 18.Ne5 Nxe5 19.dxe5 c6 20.f3 Bxd3 21.Qxd3 Qc7 22.cxd5 cxd5+
23.Kb1 Rad8 24.Qb5 Qf7 25.Ka2 Ne6 26.Rd2 d4 27.Rc1 Rd7 28.Rc6 Rfd8 29.Qc4  1/2-1/2

[Event "ch-FRA Top 16 GpA"]
[Site "Mulhouse FRA"]
[Date "2005.02.04"]
[Round "1"]
[White "Sokolov,And1"]
[Black "Vallejo Pons,F"]
[Result "1/2-1/2"]
[WhiteElo "2582"]
[BlackElo "2686"]

1.e4 c5 2.Nf3 d6 3.d4 cxd4 4.Nxd4 Nf6 5.Nc3 a6 6.Be3 Ng4 7.Bc1 Nf6 8.f4 Nbd7
9.Bd3 e5 10.fxe5 dxe5 11.Nf5 Nc5 12.O-O Nxd3 13.Qxd3 Qxd3 14.cxd3 Be6 15.Bg5 Nd7
16.Rac1 g6 17.Ne3 Bc5 18.Kf2 h6 19.Bh4 f5 20.Ke2 Bxe3 21.Kxe3 f4+ 22.Kd2 g5
23.Bf2 Ke7 24.Na4 Rac8 25.b3 h5  1/2-1/2

[Event "ch-FRA Top 16 GpA"]
[Site "Mulhouse FRA"]
[Date "2005.02.05"]
[Round "2"]
[White "Vallejo Pons,F"]
[Black "Galdunts,S"]
[Result "1-0"]
[WhiteElo "2686"]
[BlackElo "2489"]

1.e4 g6 2.d4 Bg7 3.c4 d6 4.Nc3 Nc6 5.Nge2 e5 6.d5 Nce7 7.h4 f5 8.h5 f4 9.hxg6 hxg6
10.Rxh8 Bxh8 11.g3 fxg3 12.Nxg3 Nf6 13.Be2 Qd7 14.Bg5 Neg8 15.Qd2 Qf7 16.O-O-O Bd7
17.Nb5 Bxb5 18.cxb5 O-O-O 19.Kb1 Rf8 20.a4 Kb8 21.a5 Ne7 22.Qc2 Nc8 23.Rc1 Qd7
24.Nf1 Rf7 25.Nd2 Ng4 26.a6 Nxf2 27.Nb3 b6 28.Rf1 c5 29.bxc6  1-0

[Event "ch-FRA Top 16 GpA"]
[Site "Mulhouse FRA"]
[Date "2005.02.06"]
[Round "3"]
[White "Vallejo Pons,F"]
[Black "Van der Stricht,G"]
[Result "1-0"]
[WhiteElo "2686"]
[BlackElo "2425"]

1.e4 c5 2.Ne2 d6 3.g3 Nf6 4.Bg2 Nc6 5.c3 e5 6.d4 cxd4 7.cxd4 exd4 8.Nxd4 Nxd4
9.Qxd4 Be7 10.O-O O-O 11.Nc3 Qa5 12.Bf4 Rd8 13.b4 Qh5 14.f3 Be6 15.g4 Qg6
16.Be3 Rdc8 17.Ne2 Nd7 18.Qd2 Nb6 19.Nf4 Qf6 20.Nh5 Qg6 21.Bd4 Bf8 22.h3 Nc4
23.Qf2 Qg5 24.f4 Qb5 25.Qh4 Nd2 26.Nf6+ gxf6 27.Qxf6  1-0

[Event "Amber Blindfold"]
[Site "Monte Carlo MNC"]
[Date "2005.03.29"]
[Round "9"]
[White "Bareev,E"]
[Black "Vallejo Pons,F"]
[Result "0-1"]
[WhiteElo "2709"]
[BlackElo "2686"]

1.d4 d5 2.c4 e6 3.Nf3 Nf6 4.e3 b6 5.Nc3 Bb7 6.cxd5 exd5 7.Bb5+ c6 8.Bd3 Nbd7
9.O-O Be7 10.b3 O-O 11.Bb2 Bd6 12.Rc1 Re8 13.Qc2 Qe7 14.Ne2 g6 15.Ng3 h5
16.Rfd1 Rac8 17.Qe2 Ba8 18.Rc2 Ne4 19.Nf1 Bb8 20.Rdc1 Qd6 21.Ne5 Nf8 22.Ba6 Rc7
23.f3 Nf6 24.Bd3 Rcc8 25.Qf2 N8d7 26.f4 Ne4 27.Qh4 Nxe5 28.dxe5 Qe7 29.Qh3 c5
30.Ng3 Bc6 31.Bxe4 dxe4 32.Nxh5 gxh5 33.Qxh5 Qf8 34.e6 f6 35.Qf5 Qh6 36.Bxf6 Rc7
37.Rd2 Rh7 38.h3 Qh5 39.Qxh5 Rxh5 40.Rd8 Rh6 41.Bg5 Rxe6 42.Rcd1 Bc7 43.Rxe8+ Bxe8
44.g4 Rd6 45.Rxd6 Bxd6 46.Bf6 b5 47.Kf2 b4 48.f5 a5 49.Ke1 a4 50.Kd2 a3 51.h4 Bd7
52.Ba1 Be7 53.h5 Kf7 54.Be5 Bf6 55.Bd6 c4 56.Kc2 Bc3 57.h6 Bc6 58.bxc4 Ba4+
59.Kc1 Bb3 60.Bxb4 Bxb4 61.axb3 Bd2+ 62.Kb1 Bxe3 63.Ka2 Bxh6  0-1

[Event "ch-FRA Top 16 Poule Haute"]
[Site "Port Barcares FRA"]
[Date "2005.05.07"]
[Round "11"]
[White "Vallejo Pons,F"]
[Black "Fontaine,R"]
[Result "1-0"]
[WhiteElo "2677"]
[BlackElo "2539"]

1.d4 d5 2.c4 c6 3.Nf3 dxc4 4.e3 Be6 5.a4 Nf6 6.Nc3 g6 7.Ng5 Bd5 8.e4 h6 9.exd5 hxg5
10.dxc6 Nxc6 11.d5 Na5 12.Bxg5 Qd6 13.g3 Qe5+ 14.Be3 Bh6 15.Qd4 Qxd4 16.Bxd4 Bd2+
17.Kd1 Bxc3 18.Bxc3 Rh5 19.Kc2 Rxd5 20.Re1 Kf8 21.Bg2 Rf5 22.f4 Nc6 23.Rd1 Ng4
24.Rhe1 Nf2 25.Rd7 Nd3 26.Re3 Nc5 27.Rc7 Nxa4 28.Rxb7 Nxc3 29.Bxc6 Nd5 30.Bxd5 Rxd5
31.Rexe7 Rf5 32.Rxa7 Rxa7 33.Rxa7 g5 34.fxg5 Rf2+ 35.Kc3 Rxh2 36.Rb7 Rg2
37.Kxc4 Rxg3 38.Rb5 Rg4+ 39.Kc3 Ke7 40.b4 Kd6 41.Rf5 Ke6 42.Rc5 Kd7 43.Kb3 f6
44.gxf6 Rf4 45.Ka4 Rxf6 46.Ka5 Rf1 47.b5 Ra1+ 48.Kb6 Ra2 49.Rc1 Rb2 50.Ka6 Ra2+
51.Kb7 Rd2 52.b6 Kd8 53.Ka7 Ra2+ 54.Kb8 Rd2 55.b7 Ra2 56.Rd1+ Ke7 57.Rd4  1-0

[Event "49th TCh-ESP Honor 2"]
[Site "Sant Lluis ESP"]
[Date "2005.08.31"]
[Round "1"]
[White "Vallejo Pons,F"]
[Black "Radjabov,T"]
[Result "1-0"]
[WhiteElo "2681"]
[BlackElo "2682"]

1.d4 Nf6 2.c4 g6 3.Nc3 Bg7 4.e4 d6 5.Nf3 O-O 6.Be2 e5 7.d5 Nbd7 8.Qc2 a5
9.h3 Nh5 10.g3 Nc5 11.Be3 f5 12.Nd2 Nf6 13.O-O-O b6 14.Rdg1 f4 15.Bxc5 bxc5
16.g4 Bd7 17.g5 Nh5 18.Bg4 f3 19.Bxf3 Nf4 20.Bg4 Bxg4 21.Rxg4 Qd7 22.f3 h5
23.gxh6 Bxh6 24.Kb1 Kh7 25.Nf1 Rf6 26.Nh2 Nh5 27.Rg2 Raf8 28.Nd1 Nf4 29.Rgg1 Nh5
30.Qg2 Nf4 31.Qc2 Nh5 32.Qg2 Nf4 33.Qf1 Nh5 34.Rg2 Nf4 35.Rc2 Nh5 36.Rg1 Bf4
37.Ng4 R6f7 38.Rcg2 Qe7 39.Qe1 a4 40.a3 Rb8 41.Nc3 Rb3 42.Ka2 Qd8 43.Qd1 Qa8
44.Nxa4 Rb8 45.Nc3 Rbf8 46.Nb5 Qd8 47.Qe1 Rg7 48.h4 Rgf7 49.Qa5 Qxh4 50.Qa6 Bg3
51.Qc6 Rxf3 52.Nxc7 Qxg4 53.Ne6 R8f7 54.Qxd6 Kh6 55.Qd8 Qxe4 56.Qh8+  1-0

[Event "49th TCh-ESP Honor 2"]
[Site "Sant Lluis ESP"]
[Date "2005.09.01"]
[Round "2"]
[White "Gurevich,M"]
[Black "Vallejo Pons,F"]
[Result "1/2-1/2"]
[WhiteElo "2669"]
[BlackElo "2681"]

1.Nf3 Nf6 2.c4 c6 3.d4 d5 4.e3 Bf5 5.Nc3 e6 6.Nh4 Bg6 7.Nxg6 hxg6 8.Bd2 Nbd7
9.Rc1 a6 10.Bd3 dxc4 11.Bxc4 c5 12.Be2 cxd4 13.exd4 Qb6 14.Qb3 Bd6 15.Bf3 Rb8
16.Qxb6 Nxb6 17.Bg5 Kd7  1/2-1/2

[Event "21st ECC"]
[Site "Saint Vincent ITA"]
[Date "2005.09.19"]
[Round "2"]
[White "Golod,V"]
[Black "Vallejo Pons,F"]
[Result "1/2-1/2"]
[WhiteElo "2582"]
[BlackElo "2681"]

1.d4 e6 2.c4 c5 3.d5 exd5 4.cxd5 d6 5.Nc3 g6 6.e4 Bg7 7.Bd3 a6 8.a4 Ne7 9.h4 h6
10.h5 g5 11.f4 gxf4 12.Bxf4 Nd7 13.Nf3 Nf6 14.Nd2 Bg4 15.Be2 Bxe2 16.Qxe2 O-O
17.O-O Nh7 18.Nc4 Nc8 19.Ne3 Ne7 20.Ng4 Ng5 21.Bxg5 hxg5 22.e5 dxe5 23.Nf6+ Bxf6
24.Rxf6 Nxd5 25.Nxd5 Qxd5 26.Rd1 Qb3 27.Rd3 Qc4 28.b3 Qh4 29.g3 Qb4 30.Qxe5 Qg4
31.h6 Kh7 32.Rxa6 f6 33.Rxf6 Rxf6 34.Qxf6 Rg8 35.Qf7+ Kh8 36.Qf6+ Kh7 37.Qf7+ Kh8
38.Qe7 Qf5 39.Re3 g4 40.Re5 Qf3 41.Re3 Qd1+ 42.Re1 Qd4+ 43.Kg2 Qd2+ 44.Kg1 Qd4+
45.Re3 Qd1+ 46.Kg2 Qd2+ 47.Re2 Qxh6 48.Kg1  1/2-1/2

[Event "II Open"]
[Site "Calvia ESP"]
[Date "2005.10.21"]
[Round "1"]
[White "Vallejo Pons,F"]
[Black "Planas,J"]
[Result "1-0"]
[WhiteElo "2674"]
[BlackElo "2203"]

1.e4 c5 2.Nf3 Nc6 3.Nc3 Nf6 4.Bb5 Nd4 5.e5 Nxb5 6.Nxb5 Nd5 7.Ng5 e6 8.Ne4 a6
9.Nbd6+ Bxd6 10.Nxd6+ Kf8 11.O-O Qe7 12.d4 cxd4 13.Qxd4 Kg8 14.Bd2 h6 15.Ba5 Qg5
16.f4 Qg4 17.h3 Qh4 18.Rad1 g5 19.Be1 Qh5 20.Rd3 Nxf4 21.Rxf4 gxf4 22.Qxf4 Kh7
23.Ne4 Qf5 24.Nf6+ Kg7 25.Rg3+  1-0

[Event "II Open"]
[Site "Calvia ESP"]
[Date "2005.10.22"]
[Round "2"]
[White "Mellado Trivino,J"]
[Black "Vallejo Pons,F"]
[Result "0-1"]
[WhiteElo "2426"]
[BlackElo "2674"]

1.b3 Nf6 2.Bb2 g6 3.Bxf6 exf6 4.c4 Bg7 5.Nc3 O-O 6.g3 f5 7.Bg2 Re8 8.e3 d6
9.Nge2 Nd7 10.d4 Nf6 11.O-O g5 12.b4 Rb8 13.b5 Bd7 14.Qd3 h5 15.a4 Kh8 16.a5 h4
17.a6 b6 18.gxh4 gxh4 19.Nf4 Bh6 20.Kh1 Rg8 21.Rg1 Bxf4 22.exf4 Rg6 23.Nd5 Nxd5
24.Bxd5 Qe7 25.Rg5 Rxg5 26.fxg5 Qxg5 27.Rg1 Qh5 28.Qe3 Rg8 29.Qe7 Rxg1+ 30.Kxg1 Qd1+
31.Kg2 h3+  0-1

[Event "Young Masters"]
[Site "Cuernavaca MEX"]
[Date "2006.02.03"]
[Round "1"]
[White "Volokitin,And"]
[Black "Vallejo Pons,F"]
[Result "1/2-1/2"]
[WhiteElo "2665"]
[BlackElo "2650"]

1.e4 e5 2.Nf3 Nc6 3.Bb5 Nf6 4.O-O Nxe4 5.d4 Nd6 6.Bxc6 dxc6 7.dxe5 Nf5 8.Qxd8+ Kxd8
9.Nc3 Ne7 10.Bg5 Ke8 11.Nd4 Ng6 12.Rad1 Bd7 13.Rfe1 h6 14.Bc1 Rd8 15.e6 Bc8
16.Rd3 Be7 17.exf7+ Kxf7 18.Ne4 Rhe8 19.Rdd1 Rd7 20.Nb3 Rd5 21.Nc3 Rxd1 22.Rxd1 Bf6
23.Be3 b6 24.Nd4 Bg4 25.Rd2 Ne5 26.b3 Be7 27.f4 Bb4 28.fxe5 Bxc3 29.Rd3 Bxd4
30.Bxd4 Bf5 31.Rd2 Rd8 32.c3 Ke6 33.b4 c5 34.bxc5 bxc5 35.Be3 Rxd2 36.Bxd2 Kxe5
37.Kf2 Kd5 38.Be3 Kc4 39.Ke2 Bb1 40.a3 Be4  1/2-1/2

[Event "Young Masters"]
[Site "Cuernavaca MEX"]
[Date "2006.02.08"]
[Round "6"]
[White "Karjakin,Sergey"]
[Black "Vallejo Pons,F"]
[Result "0-1"]
[WhiteElo "2660"]
[BlackElo "2650"]

1.e4 e5 2.Nf3 Nc6 3.Bb5 Nf6 4.O-O Nxe4 5.d4 a6 6.Ba4 b5 7.Bb3 d5 8.dxe5 Be6
9.Nbd2 Be7 10.c3 O-O 11.Bc2 f5 12.Nb3 Qd7 13.Nbd4 Nxd4 14.Nxd4 c5 15.Nxe6 Qxe6
16.f3 Ng5 17.a4 Rad8 18.axb5 axb5 19.Kh1 f4 20.Bd2 c4 21.Ra5 Qc6 22.Qa1 Bc5
23.Ra6 Qb7 24.Qa5 Rde8 25.Re1 Bf2 26.Rf1 Be3 27.Bxe3 fxe3 28.Qb6 Qxb6 29.Rxb6 Rxe5
30.Rxb5 e2 31.Re1 Rxf3 32.gxf3 Nxf3 33.Rxd5 Rxd5 34.Rxe2 Rg5  0-1

[Event "Young Masters"]
[Site "Cuernavaca MEX"]
[Date "2006.02.10"]
[Round "8"]
[White "Cheparinov,I"]
[Black "Vallejo Pons,F"]
[Result "0-1"]
[WhiteElo "2625"]
[BlackElo "2650"]

1.d4 Nf6 2.c4 e6 3.Nf3 d5 4.Nc3 dxc4 5.e4 Bb4 6.Bg5 b5 7.a4 c6 8.e5 h6 9.exf6 hxg5
10.fxg7 Rg8 11.h4 g4 12.Ne5 Rxg7 13.h5 f5 14.g3 Qd5 15.Rh2 Qe4+ 16.Be2 Nd7
17.h6 Rh7 18.Nxd7 Bxc3+ 19.bxc3 Kxd7 20.Qd2 Bb7 21.Kf1 Rah8 22.Re1 Qd5 23.Bd1 Qd6
24.Re5 a6 25.Qe3 Bc8 26.f3 gxf3 27.Bxf3 Kd8 28.axb5 axb5 29.Qf4 Bd7 30.Ra2 Rxh6
31.Ra8+ Kc7 32.Ra7+ Kc8 33.Ra8+ Kc7 34.Ra7+ Kc8 35.Kg1 Qb8 36.Ra6 b4 37.cxb4 Qxb4
38.Ra1 Qb2 39.Ree1 Kd8 40.Qg5+ Kc8 41.Qf4 Rh2 42.Qe3 f4 43.Ra8+ Kb7 44.Rxh8 Rg2+
45.Bxg2 fxe3 46.Rf8 c3 47.Rff1 e2 48.Rf7 c2 49.Rxd7+ Kc8 50.Rd6 c1=Q 51.Rxc6+ Qxc6
52.Bxc6 Qxd4+ 53.Kg2 Qc3 54.Rxe2 Qxc6+ 55.Kg1 Kd7 56.Rg2 Qc1+ 57.Kh2 Qh6+
58.Kg1 Qe3+ 59.Kh2 Ke7 60.g4 Kf6  0-1

[Event "Amber Blindfold"]
[Site "Monte Carlo MNC"]
[Date "2006.03.18"]
[Round "1"]
[White "Vallejo Pons,F"]
[Black "Svidler,P"]
[Result "1-0"]
[WhiteElo "2650"]
[BlackElo "2765"]

1.Nf3 d5 2.d4 Nf6 3.c4 c6 4.e3 Bf5 5.Nc3 a6 6.Qb3 b5 7.c5 Nbd7 8.a4 e5 9.Qa3 Rc8
10.b4 g6 11.axb5 axb5 12.Nxb5 cxb5 13.Bxb5 e4 14.Ne5 Qc7 15.Qa7 Qb8 16.Ra5 h5
17.O-O Be7 18.Bd2 Bd8 19.c6 Qxa7 20.Rxa7 Ke7 21.Rfa1 Rc7 22.cxd7 Bxd7 23.Nxd7 Nxd7
24.Ra8 Nb6 25.Rb8 Rc2 26.Be1 Rf8 27.Ra7+ Rc7 28.Rxc7+ Bxc7 29.Rxf8 Kxf8 30.Bc6 Ke7
31.b5 Ke6 32.Ba5 h4 33.h3 g5 34.f3 f5 35.Kf1 Bd8 36.Ke2 Bc7 37.Be8 Ke7 38.Bg6 Ke6
39.Bh7 Bd8 40.Bg8+ Kd7 41.Bxb6 Bxb6 42.Bxd5 exf3+ 43.gxf3 Kd6 44.Bc6 f4 45.exf4 gxf4
46.Kd3 Ke6 47.Ke4 Bc7 48.Bd5+ Kf6 49.Bb3 Bb6 50.Kd5 Ba7 51.Bc2 Bb6 52.Bh7 Ba7
53.Bg8 Bb6 54.Be6 Ba7 55.Bg4 Bb6 56.Kc6 Bxd4 57.b6 Ke7 58.Kc7  1-0

[Event "Amber Blindfold"]
[Site "Monte Carlo MNC"]
[Date "2006.03.19"]
[Round "2"]
[White "Grischuk,A"]
[Black "Vallejo Pons,F"]
[Result "1/2-1/2"]
[WhiteElo "2717"]
[BlackElo "2650"]

1.e4 c5 2.Nf3 d6 3.d4 cxd4 4.Nxd4 Nf6 5.Nc3 a6 6.Be2 e5 7.Nb3 Be7 8.O-O O-O
9.a4 Be6 10.f4 exf4 11.Nd4 f3 12.Bxf3 Nc6 13.Nf5 Re8 14.Kh1 Bf8 15.Bg5 h6
16.Bh4 g6 17.Nxd6 Bxd6 18.Bxf6 Qxf6 19.Qxd6 Rad8 20.Qg3 Qg5 21.Nd5 Bxd5 22.exd5 Ne5
23.Rad1 Nc4 24.Rd4 Ne3 25.Qxg5 hxg5 26.Rc1 Nxc2 27.Rd2 Ne3 28.d6 Nc4 29.d7 Nxd2
30.dxe8=Q+ Rxe8 31.Bxb7 a5 32.h3 Re5 33.Kh2 Kf8 34.Rd1 Nc4 35.b3 Ne3 36.Rc1 g4
37.hxg4 Nxg4+ 38.Kg3 Nf6 39.Bf3 g5 40.Rc3 Ke7 41.Rc7+ Ke6 42.Kf2 Ne4+ 43.Bxe4 Rxe4
44.Rc5 Re5 45.Rc6+  1/2-1/2

[Event "Amber Blindfold"]
[Site "Monte Carlo MNC"]
[Date "2006.03.20"]
[Round "3"]
[White "Anand,V"]
[Black "Vallejo Pons,F"]
[Result "1/2-1/2"]
[WhiteElo "2792"]
[BlackElo "2650"]

1.e4 e5 2.Nf3 Nc6 3.Bb5 a6 4.Ba4 Nf6 5.O-O Nxe4 6.d4 b5 7.Bb3 d5 8.dxe5 Be6
9.Nbd2 Be7 10.c3 O-O 11.Qe2 Nc5 12.Nd4 Nxb3 13.N2xb3 Qd7 14.Nxc6 Qxc6 15.Be3 Qc4
16.Rfe1 Rfc8 17.Qd2 c5 18.Na5 Qg4 19.Nb7 Qg6 20.Nd6 Rc6 21.Bf4 f6 22.Nb7 Rf8
23.exf6 Qxf6 24.Bg3 Rb6 25.Na5 Bd6 26.Nb3 Be7 27.Re2 Rc8 28.Rae1 Bf8 29.Nc1 d4
30.cxd4 Qxd4 31.Qa5 Qd8 32.Bh4 Qc7 33.Bg3 Qd8 34.Bh4 Qc7  1/2-1/2

[Event "Amber Rapid"]
[Site "Monte Carlo MNC"]
[Date "2006.03.24"]
[Round "6"]
[White "Aronian,L"]
[Black "Vallejo Pons,F"]
[Result "1/2-1/2"]
[WhiteElo "2752"]
[BlackElo "2650"]

1.e4 c5 2.Nc3 Nc6 3.Bb5 Nd4 4.Bc4 e6 5.Nge2 Nf6 6.O-O a6 7.d3 b5 8.Bb3 Nxb3
9.axb3 Bb7 10.Bg5 d6 11.f4 Be7 12.f5 Nxe4 13.Bxe7 Nxc3 14.Bxd8 Nxd1 15.Bg5 Nxb2
16.Bc1 Nxd3 17.cxd3 e5 18.f6 g6 19.Bh6 Kd7 20.Nc3 Ke6 21.Ra5 Rhb8 22.Be3 b4
23.Ne4 Bxe4 24.dxe4 Rb5 25.Ra4 h5 26.Bg5 a5 27.Kf2 Rc8 28.Rc1 d5 29.exd5+ Kxd5
30.Rc4 Rd8 31.Be3 Ke6 32.Rxc5 Rxc5 33.Bxc5 Rd3 34.Rxa5 Rxb3 35.Rb5 Rb2+ 36.Kf3 b3
37.Rb6+ Kf5 38.h3 h4 39.Rb5 Kxf6 40.Bd6 e4+ 41.Kxe4 Rxg2 42.Be5+ Kg5 43.Kf3 Rc2
44.Bf4+ Kf6 45.Bg5+ Kg7 46.Rxb3 Rc4 47.Ra3 Rb4 48.Be7 Rc4 49.Ra6 f5 50.Re6 Kh6
51.Bd8 Rc3+ 52.Kf4 Rc4+ 53.Ke5 Rc3 54.Kf4 Rc4+ 55.Kf3 Rc3+ 56.Kg2 Rc2+ 57.Kf3 Rc3+  1/2-1/2